[Event "Sao Paulo STD Gansl op"]
[Site "Sao Paulo"]
[Date "2019.05.25"]
[Round "4"]
[White "Nobre, Jose Adalberto Barb"]
[Black "Nabhan, Pedro Chen"]
[Result "0-1"]
[WhiteElo "1609"]
[BlackElo "1454"]
[PlyCount "90"]
[EventDate "2019.05.24"]
[EventType "swiss"]
[EventRounds "6"]
[EventCountry "BRA"]
[SourceTitle "CBM 190 Extra"]
[Source "ChessBase"]
[SourceDate "2019.07.15"]
[SourceVersion "1"]
[SourceVersionDate "2019.07.15"]
[SourceQuality "1"]

1. e4 e6 2. d4 d5 3. Nc3 Nf6 4. e5 Nfd7 5. f4 c5 6. Nf3 Nc6 7. Be3 cxd4 8. Nxd4 Bc5 9. Bb5 Nxd4 10. Bxd4 Qb6 11. Bxc5 Qxc5 12. Qd3 0-0 13. Bxd7 Bxd7 14. 0-0-0 Rfc8 15. Qd2 b5 16. Ne2 b4 17. Nd4 a5 18. b3 a4 19. Qd3 axb3 20. axb3 Qa5 21. Kd2 Rc3 22. Qe2 Qc5 23. Ke1 Ra2 24. Qf2 Qxd4 25. Qxd4 Rcxc2 26. Qb6 Re2+ 27. Kf1 Kf8 28. Qd8+ Be8 29. Qd6+ Kg8 30. Qc5 Rxg2 31. Ra1 Rgc2 32. Rxa2 Rxc5 33. Kf2 Rc3 34. Rb2 Bc6 35. Rd1 g6 36. Rd4 Rh3 37. Kg2 Rc3 38. Kf2 Rh3 39. Kg2 Rc3 40. h4 h5 41. Kh2 Rc1 42. Rxb4 d4 43. Rxd4 Rh1+ 44. Kg3 Rg1+ 45. Kf2 Rg2+ 0-1

[Event "Hebraica op 26th"]
[Site "Hebraica"]
[Date "2019.01.12"]
[Round "3"]
[White "Fujita, Gabriela Akemi"]
[Black "Nabhan, Pedro Chen"]
[Result "0-1"]
[WhiteElo "1242"]
[BlackElo "1456"]
[PlyCount "128"]
[EventDate "2019.01.11"]
[EventType "swiss"]
[EventRounds "6"]
[EventCountry "BRA"]
[SourceTitle "EXT 2020"]
[Source "ChessBase"]
[SourceDate "2019.10.17"]
[SourceVersion "1"]
[SourceVersionDate "2019.10.17"]
[SourceQuality "1"]

1. e4 e6 2. d4 d5 3. Nc3 Nf6 4. exd5 exd5 5. g3 Be7 6. Bg2 0-0 7. Nf3 h6 8. 0-0 Bg4 9. Re1 Nbd7 10. Qd2 Bb4 11. a3 Ne4 12. Qd3 Bxc3 13. bxc3 Nb6 14. Nd2 Nd6 15. Ra2 Re8 16. Rxe8+ Qxe8 17. h3 Bf5 18. Qe3 Qd7 19. Kh2 Re8 20. Qf3 Qa4 21. Nb3 Bxc2 22. Nc5 Be4 23. Qxe4 Nxe4 24. Nxa4 Nxa4 25. Bxe4 Rxe4 26. Rc2 c5 27. dxc5 Rc4 28. Be3 Nxc5 29. Rd2 Rxc3 30. Rxd5 b6 31. Bxc5 Rxc5 32. Rd3 Kf8 33. Kg2 Ke7 34. Kf3 Ke6 35. g4 Rd5 36. Rc3 Kd6 37. Ke4 Re5+ 38. Kf3 Rc5 39. Rd3+ Kc6 40. Re3 Kb5 41. Kg2 Ka4 42. Re7 Kxa3 43. Rxa7+ Ra5 44. Rxf7 b5 45. Rxg7 b4 46. Rh7 Rb5 47. Re7 b3 48. Re1 b2 49. Kg3 b1Q 50. Rxb1 Rxb1 51. Kf3 Rb3+ 52. Kf4 Rxh3 53. Ke4 Kb4 54. f4 Kc4 55. f5 Kc5 56. Ke5 Re3+ 57. Kf4 Re8 58. f6 Kd6 59. Kf5 Rf8 60. Kg6 Ke6 61. Kxh6 Kxf6 62. g5+ Kf7 63. g6+ Kg8 64. g7 Rf6+ 0-1

[Event "Sao Paulo STD U2200 op 3rd"]
[Site "Sao Paulo"]
[Date "2018.10.14"]
[Round "6"]
[White "Nabhan, Pedro Chen"]
[Black "Haraguchi, Matheus Sashaki"]
[Result "1/2-1/2"]
[WhiteElo "1781"]
[BlackElo "1579"]
[PlyCount "111"]
[EventDate "2018.10.12"]
[EventType "swiss"]
[EventRounds "6"]
[EventCountry "BRA"]
[SourceTitle "EXT 2021"]
[Source "ChessBase"]
[SourceDate "2020.10.23"]
[SourceVersion "1"]
[SourceVersionDate "2020.10.23"]
[SourceQuality "1"]

1. e4 e6 2. d3 d5 3. Nd2 Nf6 4. Ngf3 c5 5. g3 Nc6 6. Bg2 Be7 7. 0-0 0-0 8. Re1 b5 9. e5 Nd7 10. Nf1 Bb7 11. h4 Re8 12. N1h2 f6 13. Bf4 fxe5 14. Nxe5 Ndxe5 15. Bxe5 Nxe5 16. Rxe5 Bf6 17. Re2 Qb6 18. c4 b4 19. Ng4 Bxb2 20. Rxb2 dxc4 21. Bxb7 Qxb7 22. dxc4 Rad8 23. Qe2 Qd7 24. Rd1 Qc6 25. Rbd2 Rb8 26. Rd3 Qa6 27. Re3 b3 28. Qb2 Qxc4 29. Ne5 Qc2 30. Qxc2 bxc2 31. Rc1 Rb1 32. Ree1 Rd8 33. Rxb1 cxb1Q 34. Rxb1 h6 35. Rb7 Rc8 36. Nc4 e5 37. Re7 e4 38. Rxe4 Rb8 39. Re5 Rb1+ 40. Kg2 Rc1 41. Rxc5 a5 42. Rc6 a4 43. a3 Rc3 44. Rc8+ Kh7 45. Nb6 Rxa3 46. Ra8 Rb3 47. Nxa4 Ra3 48. Nb6 Rb3 49. Nd5 Rb5 50. Ne3 Rb3 51. Ra7 h5 52. Nf5 Kh8 53. Nxg7 Rb2 54. Nxh5 Rc2 55. Nf6 Rxf2+ 56. Kxf2 1/2-1/2